UBT Library

Management (Record no. 60938)

000 -LEADER
fixed length control field 00260nam a22001217a 4500
008 - FIXED-LENGTH DATA ELEMENTS--GENERAL INFORMATION
fixed length control field 260326b ||||| |||| 00| 0 eng d
041 ## - LANGUAGE CODE
Language code of text/sound track or separate title Shqip
080 ## - UNIVERSAL DECIMAL CLASSIFICATION NUMBER
Universal Decimal Classification number 1.01
100 ## - Rafti
Rafti 22
101 ## - Shkurtesa
Shkurtesa menaxh
245 ## - TITLE STATEMENT
Title Management
Statement of responsibility, etc Berim Ramosaj
942 ## - ADDED ENTRY ELEMENTS (KOHA)
Source of classification or shelving scheme
Item type Books
Holdings
Withdrawn status Lost status Source of classification or shelving scheme Damaged status Not for loan Collection code Permanent location Current location Date acquired Total Checkouts Barcode Date last seen Price effective from Koha item type
          Koleksioni i përgjithshem UBT - Lipjan UBT - Lipjan 03/26/2026   003-800070999457 03/26/2026 03/26/2026 Books
          Koleksioni i përgjithshem UBT - Lipjan UBT - Lipjan 03/26/2026   003-800070999458 03/26/2026 03/26/2026 Books
          Koleksioni i përgjithshem UBT - Lipjan UBT - Lipjan 03/26/2026   003-800070999459 03/26/2026 03/26/2026 Books
          Koleksioni i përgjithshem UBT - Lipjan UBT - Lipjan 04/03/2026   003-800070999576 04/03/2026 04/03/2026 Books
          Koleksioni i përgjithshem UBT - Lipjan UBT - Lipjan 04/03/2026   003-800070999577 04/03/2026 04/03/2026 Books
          Koleksioni i përgjithshem UBT - Lipjan UBT - Lipjan 04/03/2026   003-800070999578 04/03/2026 04/03/2026 Books
          Koleksioni i përgjithshem UBT - Lipjan UBT - Lipjan 04/03/2026   003-800070999579 04/03/2026 04/03/2026 Books
          Koleksioni i përgjithshem UBT - Lipjan UBT - Lipjan 04/03/2026   003-800070999580 04/03/2026 04/03/2026 Books
          Koleksioni i përgjithshem UBT - Lipjan UBT - Lipjan 04/03/2026   003-800070999581 04/03/2026 04/03/2026 Books
          Koleksioni i përgjithshem UBT - Lipjan UBT - Lipjan 04/03/2026   003-800070999582 04/03/2026 04/03/2026 Books
          Koleksioni i përgjithshem UBT - Lipjan UBT - Lipjan 04/03/2026   003-800070999583 04/03/2026 04/03/2026 Books
          Koleksioni i përgjithshem UBT - Lipjan UBT - Lipjan 04/03/2026   003-800070999584 04/03/2026 04/03/2026 Books
          Koleksioni i përgjithshem UBT - Lipjan UBT - Lipjan 04/03/2026   003-800070999585 04/03/2026 04/03/2026 Books
          Koleksioni i përgjithshem UBT - Lipjan UBT - Lipjan 04/03/2026   003-800070999586 04/03/2026 04/03/2026 Books
          Koleksioni i përgjithshem UBT - Lipjan UBT - Lipjan 04/03/2026   003-800070999587 04/03/2026 04/03/2026 Books
          Koleksioni i përgjithshem UBT - Lipjan UBT - Lipjan 04/03/2026   003-800070999588 04/03/2026 04/03/2026 Books
          Koleksioni i përgjithshem UBT - Lipjan UBT - Lipjan 04/03/2026   003-800070999589 04/03/2026 04/03/2026 Books
          Koleksioni i përgjithshem UBT - Lipjan UBT - Lipjan 04/03/2026   003-800070999590 04/03/2026 04/03/2026 Books
          Koleksioni i përgjithshem UBT - Lipjan UBT - Lipjan 04/03/2026   003-800070999591 04/03/2026 04/03/2026 Books
UBT Library © 2015-2024. All rights reserved University Education for Business and Technology